000 00611nam a2200193Ia 4500
003 GCL
008 140319s9999 xx 000 0 ara d
040 _aGCL /
_cGCL
082 0 4 _a338.27282
_bم ب
100 1 _aمانع سعيد العتيبة
245 1 0 _aالبترول واقتصاديات الامارات العربية المتحدة /
_cمانع سعيد العتيبة
260 _a[S.N] :
_bلا يوجد ،
_c1990
300 _a816 ص
490 _a
650 0 4 _aالاقتصاد
650 0 4 _aالبترول
650 0 4 _aالامارات العربية المتحدة
942 _2ddc
_cBK
999 _c35284
_d35284